Lord Jim

Shranjeno v:
Bibliografske podrobnosti
Glavni avtor: Conrad, Joseph
Format: Knjiga
Jezik:English
Izdano: London David Campbell Publishers 1992
Serija:Everyman's library
Teme:
Oznake: Označite
Brez oznak, prvi označite!
Thư viện lưu trữ: Trung tâm Học liệu Lê Vũ Hùng, Trường Đại học Đồng Tháp
LEADER 00742pam a22002418a 4500
001 00025342
005 20171026081022.0
008 110803s1992 ||||||engsd
041 0 # |a eng 
082 1 4 |b L400R  |a 813 
100 1 # |a Conrad, Joseph 
245 1 0 |a Lord Jim  |c Joseph Conrad 
260 # # |a London  |b David Campbell Publishers  |c 1992 
300 # # |a xxxiii,396 p.  |c 21 cm. 
490 # # |a Everyman's library 
504 # # |a Includes bibliographical references (p. xxiii-xxvii) 
650 # 4 |a Mĩ 
650 # 4 |a Tiểu thuyết 
650 # 4 |a Văn học cận đại 
852 # # |b Kho đọc  |j KD.0008484 
852 # # |j KD.0008484 
910 |d 03/08/2011 
980 # # |a Trung tâm Học liệu Lê Vũ Hùng, Trường Đại học Đồng Tháp